000 01310cam a22003854a 4500
001 6881
003 FISKH
005 20250820082836.0
008 030327s2004 flua b b 001 0 eng
010 _a 2003007355
020 _a1589526724
020 _a9781604728347
040 _aDLC
_cDLC
_dDLC
_beng
050 _aTF148.A66
082 _a385
100 1 _aArmentrout, David,
_d1962-
245 1 0 _aTrains /
_cDavid and Patricia Armentrout.
260 _aFlorida :
_bRourke Publishing,
_c2004.
300 _a24 pages :
_bcolor illustrations ;
_c19 x 20 cm.
490 1 _aTransportation
500 _aR
504 _aIncludes bibliographical references 9p. 24) and index.
505 0 _aTrains -- Early trains -- American railroads -- Freight trains -- Amtrak -- Famous trains -- Subways -- Commuter trains -- Maglev trains.
505 0 _aR
520 _aPhotographs and text provide information about many different types of trains and the work they do.
521 8 _a660
_bLexile estimate
521 8 _aR
_bRaz-Plus KSP
650 0 _aRailroads
_vJuvenile literature.
650 1 _aRailroads.
650 1 _aRailroad trains.
700 1 _aArmentrout, Patricia,
_d1960-
_eAuthor
906 _a7
_bcbc
_corignew
_d1
_eecip
_f20
_gy-gencatlg
942 _2ddc
_cBK
_n0
999 _c6881
_d6881